BRE Trust Review 2009 (Record no. 111089)

MARC details
000 -LEADER
fixed length control field 00986cad a22002295a 4500
001 - CONTROL NUMBER
control field L150990
008 - FIXED-LENGTH DATA ELEMENTS--GENERAL INFORMATION
fixed length control field 100921s2010 xxk f 000 0 eng d
020 ## - INTERNATIONAL STANDARD BOOK NUMBER
International Standard Book Number 9781848061354
035 ## - SYSTEM CONTROL NUMBER
System control number (Sirsi) u150990
041 0# - LANGUAGE CODE
Language code of text/sound track or separate title eng
050 04 - LIBRARY OF CONGRESS CALL NUMBER
Classification number 690 $2 18
110 2# - MAIN ENTRY--CORPORATE NAME
Corporate name or jurisdiction name as entry element BRE Trust
245 00 - TITLE STATEMENT
Title BRE Trust Review 2009
Medium [electronic resource]
260 ## - PUBLICATION, DISTRIBUTION, ETC.
Place of publication, distribution, etc. Watford
Name of publisher, distributor, etc. BRE
Date of publication, distribution, etc. 2010
505 2# - FORMATTED CONTENTS NOTE
Formatted contents note Materials -- Energy and environment -- Fire protection and prevention -- Sustainability and energy use -- Social aspects of housing and the built environment
520 ## - SUMMARY, ETC.
Summary, etc. Summaries of the BRE Trust's initiatives in 2009 research achievements, research programme and collaborative meetings of the 5 BRE Universities of Excellence; background to the research, results and conclusions.
590 ## - LOCAL NOTE (RLIN)
Local note KA NTK
651 #4 - SUBJECT ADDED ENTRY--GEOGRAPHIC NAME
Geographic name International
690 ## - LOCAL SUBJECT ADDED ENTRY--TOPICAL TERM (OCLC, RLIN)
Topical term or geographic name as entry element BUILT ENVIRONMENT
856 48 - ELECTRONIC LOCATION AND ACCESS
Uniform Resource Identifier <a href="https://www.bre.co.uk/filelibrary/BRETrust/AP279.pdf">https://www.bre.co.uk/filelibrary/BRETrust/AP279.pdf</a>
Public note View the website free of charge at www.bre.co.uk
942 ## - ADDED ENTRY ELEMENTS (KOHA)
Suppress in OPAC 0
Holdings
Withdrawn status Lost status Source of classification or shelving scheme Damaged status Not for loan Home library Current library Shelving location Date acquired Total Checkouts Full call number Barcode Date last seen Copy number Price effective from Koha item type
    Dewey Decimal Classification     Virtual Virtual Online 21/09/2010   ONLINE PUBLICATION 150990-1001 06/08/2019 1 06/08/2019 Book